| 000 | 00512cam a2200193ua 4500 | ||
|---|---|---|---|
| 001 | 1841 | ||
| 008 | 110811n ii |||gr||||Z||||||eng | ||
| 020 | _a0-7069-2792-3 | ||
| 040 | _cMAIN | ||
| 082 | _a370.15 | ||
| 100 |
_aChauhan, S. S., _d1978, |
||
| 245 | 1 |
_aAdvanced educational psychology _cby S. S. Chauhan |
|
| 250 | _a1st. | ||
| 260 |
_aNew Delhi: _bVikas publishing house pvt. ltd,985. |
||
| 300 |
_axv; 487p: _c23cm. |
||
| 653 | _aEducation | ||
| 653 | _aAdvanced educational psychology | ||
| 942 | _cBK | ||
| 999 |
_c1724 _d1724 |
||